Most Populous Cities by Country. - Statistics

General Stats
  • This quiz has been taken 25 times
  • The average score is 127 of 196
Answers on the Map
Answers color-coded by a green-red scale on the quiz's map according to % correct below.
 
Answer Stats
Country % Correct
New York
100%
Toronto
100%
Buenos Aires
96%
Johannesburg
96%
Mexico City
96%
Sao Paulo
96%
Amsterdam
91%
Berlin
91%
Bogota
91%
Brussels
91%
Cairo
91%
Caracas
91%
Dublin
91%
Havana
91%
Lagos
91%
Lima
91%
Lisbon
91%
London
91%
Madrid
91%
Melbourne
91%
Paris
91%
Santiago
91%
Athens
87%
Copenhagen
87%
Delhi
87%
Dubai
87%
Istanbul
87%
Jakarta
87%
Kingston
87%
Kingstown
87%
Kyiv
87%
La Paz
87%
Luxembourg City
87%
Moscow
87%
Oslo
87%
Panama City
87%
Pyongyang
87%
Reykjavik
87%
Seoul
87%
Stockholm
87%
Tokyo
87%
Tunis
87%
Belgrade
83%
Casablanca
83%
Dhaka
83%
Helsinki
83%
Manila
83%
Montevideo
83%
Prague
83%
Riyadh
83%
Rome
83%
Schaan
83%
Shanghai
83%
Sofia
83%
Tehran
83%
Tel Aviv
83%
Warsaw
83%
Algiers
78%
Asuncion
78%
Auckland
78%
Georgetown
78%
Guatemala City
78%
Kinshasa
78%
Kuala Lumpur
78%
Kuwait City
78%
Nairobi
78%
Port-au-Prince
78%
San Jose
78%
Santo Domingo
78%
Vatican City
78%
Vienna
78%
Zagreb
78%
Addis Ababa
74%
Baghdad
74%
Bangkok
74%
Bratislava
74%
Bucharest
74%
Budapest
74%
Ho Chi Minh City
74%
Karachi
74%
Khartoum
74%
Mogadishu
74%
Nassau
74%
San Salvador
74%
Sarajevo
74%
Tallinn
74%
Tripoli
74%
Baku
70%
Dakar
70%
Damascus
70%
Kathmandu
70%
Luanda
70%
Nicosia
70%
Phnom Penh
70%
Riga
70%
Sanaa
70%
Skopje
70%
Tirana
70%
Ulaanbaatar
70%
Zurich
70%
Amman
65%
Andorra la Vella
65%
Dar es Salaam
65%
Freetown
65%
Kabul
65%
Managua
65%
Minsk
65%
Singapore
65%
Tbilisi
65%
Vilnius
65%
Bamako
61%
Beirut
61%
Bissau
61%
Brazzaville
61%
Bridgetown
61%
Guayaquil
61%
Harare
61%
Ljubljana
61%
Paramaribo
61%
Podgorica
61%
Port Moresby
61%
St Johns
61%
Tashkent
61%
Tegucigalpa
61%
Vientiane
61%
Windhoek
61%
Yaoundé
61%
Almaty
57%
Antananarivo
57%
Ashgabat
57%
Belize City
57%
Chișinău
57%
Kampala
57%
Monrovia
57%
Muscat
57%
Niamey
57%
Ouagadougou
57%
Pristina
57%
St. George's
57%
Yangon
57%
Yerevan
57%
Abidjan
52%
Bangui
52%
Bishkek
52%
Castries
52%
Colombo
52%
Conakry
52%
São Tome
52%
Lusaka
52%
Male
52%
Manama
52%
Moroni
52%
Ndjamena
52%
Praia
52%
Suva
52%
Apia
48%
Dili
48%
Gaborone
48%
Juba
48%
Lilongwe
48%
Lome
48%
Nouakchott
48%
Port Louis
48%
Victoria
48%
Bandar Seri Begawan
43%
Basseterre
43%
Dushanbe
43%
Kigali
43%
Libreville
43%
Port Vila
43%
Thimphu
43%
Asmara
39%
Funafuti
39%
Kumasi
39%
Maseru
39%
Monte Carlo
39%
Bujumbura
35%
Honiara
35%
Majuro
35%
New Taipei
35%
Roseau
35%
Nukuʻalofa
30%
South Tarawa
30%
Koror
26%
St. Paul's Bay
22%
Chaguanas
17%
Bata
13%
Djibouti City
13%
Manzini
9%
Serekunda
9%
Serravalle
9%
Weno
9%
Abomey-Calavi
4%
Ar-Rayyan
4%
Denigomodu
4%
Matola
4%
No matching quizzes found
Score Distribution
Percent of People with Each Score
Percentile by Number Answered
Your Score History
You have not taken this quiz